Normal view
MARC view
- Marianne C. Brogan
Entry Personal Name
001 - CONTROL NUMBER
- control field: 127199
003 - CONTROL NUMBER IDENTIFIER
- control field: NUST
005 - DATE AND TIME OF LATEST TRANSACTION
- control field: 20241219104532.0
008 - FIXED-LENGTH DATA ELEMENTS
- fixed length control field: 241219|| aca||aabn | a|a d
040 ## - CATALOGING SOURCE
- Original cataloging agency: NUST
- Transcribing agency: NUST
100 ## - HEADING--PERSONAL NAME
- Personal name: Marianne C. Brogan
670 ## - SOURCE DATA FOUND
- Source citation: Work cat.: (NUST)564486: Edited by Janet S.Dodd, 127198, The ACS Style Guide: A manual for authors and editors , 1986
